| 000 | 00700 a2200193 4500 | ||
|---|---|---|---|
| 999 |
_c183264 _d183264 |
||
| 005 | 20220124110759.0 | ||
| 010 | _aENG-130470 | ||
| 020 |
_a978-93-89811-64-3 _c175.00 |
||
| 035 | _aEN-114002 | ||
| 037 | _bDBAD/PUB | ||
| 082 |
_a485 _b1 |
||
| 100 | _aPrakash, Om | ||
| 245 |
_aLanguage-II English: _bFull coverage of English Grammar/ _cOm Prakash and Gyan Singh |
||
| 260 |
_aTamill Nadu _bMcGraw Hill Education Private Limited _c2021 |
||
| 270 |
_a444/1, Sri Ekambara Naicker Industrial Estate, Alapakkam, Porur _bChennai _e600116 |
||
| 300 |
_a208p. _c22cm (pbk) |
||
| 490 | _aincludes Latest Question Paper and Full-Length Mock Test Papers | ||
| 942 |
_adpl _cEN _2ddc _h485 _mPRA |
||